zpět

Detail výsledku týmu

Pivovar Born, Nový Bor

Datum a čas kvízu

35.5 Celkem bodů Celkový počet nahraných bodů na tomto kvízu bez doplňovacích otázek.
1. Pořadí na kvízu Konečné umístění týmu na tomto kvízu.

Zaznamenané odpovědi

# Otázka Odpověď Body Výsledky
1. Novým místopředsedou sněmovny... Aleš Juchelka 1
2. Který nezvaný živočich přeruši... B) šváb 0
3. Originál ilustrace od kreslíře... Harry Potter a kámen mudrců 0
4. Ve čtvrtek byla veřejnosti pře... v Ostravě 1
5. Tak trochu ve stínu Eura se v... Copa América 1
6. Pojmenování spojená s reproduk... zmetek 1
7. Jak se jmenuje zobrazené asijs... kašmírská koza 0
8. Které z následujících tvrzení... D 1
9. Ještě do zhruba 13. století se... zebu 1
10. Zvířata, která mají vlnu, vylu... lanolin 1